[Event "Premier League"]
[Site "Belgrade SCG"]
[Date "2004.09.25"]
[Round "1"]
[White "Arsovic,G"]
[Black "Vuckovic,Br"]
[Result "1-0"]
[WhiteElo "2411"]
[BlackElo "2189"]

1.Nf3 Nf6 2.c4 d6 3.d4 g6 4.g3 Bg7 5.Bg2 O-O 6.O-O c6 7.Nc3 Nbd7 8.e4 e5
9.b3 Re8 10.h3 Qc7 11.Be3 Nf8 12.Rc1 a6 13.dxe5 dxe5 14.c5 Be6 15.Qc2 Rad8
16.Na4 h6 17.Nb6 N6d7 18.Nc4 Bxc4 19.Qxc4 Ne6 20.h4 Qa5 21.Rfd1 Bf8 22.b4 Qa4
23.Rd3 Bg7 24.Rcd1 Ndf8 25.Rxd8 Rxd8 26.Rxd8 Nxd8 27.Qb3 Qxb3 28.axb3 Nfe6
29.Kf1 Kf8 30.Ke2 Nc7 31.Nd2 Nde6 32.Nc4 Nb5 33.Na5 Nd8 34.Bh3 Na7 35.Kd3 f6
36.f4 Ke7 37.Bg4 Kf7 38.Nc4 Ke7 39.Bc1 Nf7 40.Na5 Nd8 41.Bh3 Bf8 42.Bg4 Bg7
43.h5 g5 44.fxe5 fxe5 45.Bb2 Nb5 46.Bc8 Nc7 47.Ke3 g4 48.Bxg4 Nce6 49.Kd3 Kd7
50.Bf5 Bf6 51.Bc1 Bg7 52.Bxe6+ Kxe6 53.g4 Kf6 54.Be3 Bf8 55.Ke2  1-0

[Event "79th ch-ARG"]
[Site "Buenos Aires ARG"]
[Date "2004.09.25"]
[Round "2"]
[White "Rubinetti,J"]
[Black "Rojo Lynch,E"]
[Result "1-0"]
[WhiteElo "2439"]
[BlackElo "2011"]

1.Nf3 d6 2.d4 Nf6 3.c4 g6 4.g3 Bg7 5.Bg2 O-O 6.O-O Nbd7 7.Nc3 e5 8.e4 exd4
9.Nxd4 Re8 10.h3 Nc5 11.Re1 a5 12.Rb1 a4 13.b4 axb3 14.axb3 c6 15.Bf4 Nh5
16.Be3 Ne6 17.Nde2 Nc5 18.b4 Na6 19.Nd4 Nc7 20.Qd2 Qe7 21.Kh2 Bd7 22.f4 Ra3
23.Rb3 Rea8 24.Bf2 Rxb3 25.Nxb3 d5 26.Bc5 Qd8 27.cxd5 Na6 28.e5 Nxc5 29.Nxc5 cxd5
30.Nxb7 Qc7 31.Nxd5 Qc4 32.Nb6  1-0

[Event "Monarch Assurance"]
[Site "Port Erin IOM"]
[Date "2004.09.25"]
[Round "1"]
[White "Greet,A"]
[Black "Gallagher,Jo"]
[Result "1-0"]
[WhiteElo "2310"]
[BlackElo "2541"]

1.d4 Nf6 2.c4 g6 3.g3 Bg7 4.Bg2 O-O 5.Nf3 d6 6.O-O Nbd7 7.Nc3 e5 8.e4 a6
9.Re1 exd4 10.Nxd4 Ng4 11.f4 c6 12.h3 Qb6 13.Ne2 Ngf6 14.Qc2 Re8 15.Be3 Qc7
16.Nc3 Rb8 17.a4 c5 18.Nde2 b6 19.g4 h6 20.Ng3 Bb7 21.Rad1 Rbd8 22.Rd3 Nb8
23.Qd1 Nc6 24.h4 Qc8 25.Bf3 Nd4 26.g5 Nxf3+ 27.Qxf3 Ng4 28.Kg2 Nxe3+ 29.Rdxe3 Bd4
30.Rd3 hxg5 31.hxg5 Qe6 32.Nd5 f5 33.gxf6 Bxd5 34.cxd5 Qxf6 35.Qg4 Qg7 36.Rb3 c4
37.Rb4 Rc8 38.Rc1 b5 39.axb5 axb5 40.Rxb5 Bxb2 41.Rc2 Ba3 42.Ra5 Bc5 43.Rxc4 Rb8
44.Ra2 Rb1 45.e5 Rg1+ 46.Kh2 Re1 47.Rg2 Qh6+ 48.Nh5 Bg1+ 49.Rxg1 Rxg1 50.Kxg1 Qxh5
51.Qxh5 gxh5 52.e6 Rf8 53.Rc6 Kg7 54.Rxd6 Rxf4 55.Rd7+ Kf8 56.d6 Rd4 57.Rd8+ Kg7
58.e7  1-0

[Event "1st Central League"]
[Site "Vrnjacka Banja SCG"]
[Date "2004.09.25"]
[Round "1"]
[White "Drasko,M"]
[Black "Simic,Dragi"]
[Result "1-0"]
[WhiteElo "2471"]
[BlackElo "2314"]

1.Nf3 Nf6 2.g3 g6 3.Bg2 Bg7 4.d4 O-O 5.c4 d6 6.O-O Nc6 7.Nc3 a6 8.Bd2 e6
9.Rc1 Rb8 10.e4 b5 11.cxb5 axb5 12.Qc2 Bd7 13.Rfd1 b4 14.Ne2 Qe7 15.Nf4 Rfc8
16.d5 exd5 17.exd5 Ne5 18.Nd4 Qf8 19.h3 h5 20.Nfe2 Bb5 21.Nxb5 Rxb5 22.Nd4 Rc5
23.Qb3 Rb8 24.f4 Ned7 25.Nc6 Re8 26.Bxb4 Rxc1 27.Rxc1 Ne4 28.Rc4 h4 29.gxh4 f5
30.Bf3 Qf6 31.h5 Qh4 32.Qe3 Nef6 33.Qf2 Qxf4 34.hxg6 Ne5 35.Bg2 Qg5 36.Bd2 Qxg6
37.Nd4 f4 38.Qxf4 Nd3 39.Qf5 Qxf5 40.Nxf5 Re2 41.Nxg7 Ne1 42.Kf1 Rxg2 43.Kxe1 Nxd5
44.Ne6 Rh2 45.Nd4  1-0

[Event "79th ch-ARG"]
[Site "Buenos Aires ARG"]
[Date "2004.09.26"]
[Round "4"]
[White "Lemos,D"]
[Black "Della Morte,P"]
[Result "1/2-1/2"]
[WhiteElo "2230"]
[BlackElo "2302"]

1.d4 Nf6 2.Nf3 g6 3.c4 Bg7 4.g3 O-O 5.Bg2 d6 6.O-O Nc6 7.d5 Na5 8.Qa4 b6
9.Nbd2 Bd7 10.Qc2 c5 11.e4 b5 12.Rb1 bxc4 13.Re1 Rb8 14.Bf1 e6 15.dxe6 fxe6
16.Nxc4 Nxc4 17.Qxc4 Rb4 18.Qc2 Qa8 19.Bg2 Rxe4 20.Bf4 Rxe1+ 21.Rxe1 Bc6
22.Bxd6 Bxf3 23.Bxf3 Qxf3 24.Bxf8 Bxf8 25.Rxe6 Nd5 26.Qc4 Qd1+ 27.Kg2 Kh8
28.Re5 Nf6 29.Qf7 Qd6 30.Qe6 Qd8  1/2-1/2

[Event "Monarch Assurance"]
[Site "Port Erin IOM"]
[Date "2004.09.26"]
[Round "2"]
[White "Dunn,An1"]
[Black "Gallagher,Jo"]
[Result "0-1"]
[WhiteElo "2192"]
[BlackElo "2541"]

1.d4 Nf6 2.Nf3 g6 3.c4 Bg7 4.g3 O-O 5.Bg2 d6 6.O-O Nbd7 7.Nc3 e5 8.e4 a6
9.h3 b5 10.dxe5 dxe5 11.Be3 c6 12.Qc2 Qe7 13.a3 Ne8 14.Rad1 Nc7 15.b4 Ne6
16.Qb3 Rd8 17.Rd2 Ndf8 18.Rxd8 Nxd8 19.cxb5 axb5 20.Bc5 Qe6 21.Qb2 Nb7 22.Be3 Nd6
23.Nd2 Qe7 24.Ra1 Ne6 25.a4 bxa4 26.Rxa4 Rb8 27.Ra7 Qd8 28.Qa3 Nd4 29.Qa4 Be6
30.Bf1 Bf8 31.Qa5 N6b5 32.Nxb5 Nxb5 33.Qxd8 Rxd8 34.Bxb5 cxb5 35.Nf3 f6 36.Rb7 Bc4
37.Nd2 Be2  0-1

[Event "TCh-Vojvodina"]
[Site "Sombor SCG"]
[Date "2004.09.26"]
[Round "2"]
[White "Vajdic,N"]
[Black "Bulajic,R"]
[Result "1-0"]
[WhiteElo "2228"]
[BlackElo "2298"]

1.d4 Nf6 2.Nf3 g6 3.g3 Bg7 4.c4 O-O 5.Bg2 d6 6.O-O Nbd7 7.Nc3 e5 8.e4 exd4
9.Nxd4 Re8 10.Re1 c6 11.h3 a5 12.Qc2 Qc7 13.Be3 Nc5 14.Nb3 b6 15.Nxc5 bxc5
16.Rad1 Be6 17.b3 Nd7 18.Bf4 Ne5 19.g4 Rf8 20.Bg3 g5 21.Qd2 h6 22.Ne2 Rad8
23.f4 gxf4 24.Nxf4 a4 25.Nh5 f6 26.Bf4 Kh7 27.Rf1 axb3 28.axb3 Qe7 29.Rf2 Rd7
30.Rdf1 Rb7 31.Nxg7 Qxg7 32.Qxd6 Re8 33.Bxe5 fxe5 34.Rf6 Qd7 35.Rd1 Kg7 36.Qxe5 Qc7
37.Rd6  1-0

[Event "Tatry Open"]
[Site "Tatranske Zruby SVK"]
[Date "2004.09.30"]
[Round "7"]
[White "Mozny,M"]
[Black "Macak,S"]
[Result "1-0"]
[WhiteElo "2376"]
[BlackElo "2299"]

1.d4 Nf6 2.Nf3 g6 3.g3 Bg7 4.Bg2 O-O 5.c4 d6 6.Nc3 Nc6 7.O-O a6 8.h3 Rb8
9.Be3 b5 10.Nd2 Bd7 11.d5 Na5 12.cxb5 axb5 13.b4 Nc4 14.Nxc4 bxc4 15.b5 Qc8
16.Kh2 Ng4+ 17.hxg4 Bxc3 18.Rc1 Bb2 19.Rxc4 Bxb5 20.Rb4 Bg7 21.Bf3 Bd7 22.Rxb8 Qxb8
23.Qc2 Qc8 24.Qc4 e6 25.Rc1 exd5 26.Qxc7 Bxg4 27.Qxc8 Bxc8 28.Bxd5 Ba6 29.a4 Rc8
30.Rxc8+ Bxc8 31.Bf4 Bc3 32.Bxd6 Bd7 33.Bb3 Ba5 34.Be5 Kf8 35.Bf6 h5 36.Kg2 Ke8
37.f4 Be1 38.e4 Bc6 39.Kf3 Bd7 40.Bh4 Bc6 41.Ke2 g5 42.Kxe1 gxh4 43.gxh4 Bxe4
44.a5 Ke7 45.Bd1 Kf6 46.Kf2 Kg6 47.a6  1-0

[Event "Extraliga CZE 2004-5"]
[Site "Czech Rep CZE"]
[Date "2004.11.06"]
[Round "1"]
[White "Jaworski,Mi"]
[Black "Socko,B"]
[Result "1/2-1/2"]
[WhiteElo "2375"]
[BlackElo "2570"]

1.d4 Nf6 2.c4 g6 3.Nf3 Bg7 4.g3 O-O 5.Bg2 d6 6.O-O a6 7.Nc3 Nc6 8.d5 Na5
9.b3 c5 10.dxc6 Nxc6 11.Bb2 Bd7 12.Qd2 Rc8 13.Ne1 Qa5 14.Nd3 Rfd8 15.Rfd1 b5
16.cxb5 axb5 17.e4 Bg4 18.f3 Bd7 19.Nd5 Qa7+ 20.Kh1 Ne8 21.Bxg7 Kxg7 22.N3b4 Nxb4
23.Nxb4 Nf6 24.Rac1 Qa3 25.Rxc8 Rxc8 26.Nd3 Ra8 27.Nb4 Rc8 28.Nd3 Ra8 29.Nb4 h5
30.h4 Rc8 31.Kh2 Be6 32.Bf1 Qa5 33.Bh3 Bxh3 34.Kxh3 Qa3 35.Kg2 Kg8 36.Re1 Qa5
37.Re2 Qb6 38.Qe3 Qa5 39.Qd2 Qa7 40.Qe3 Qa3 41.Qd2 Rc1 42.Qb2 Qxb2 43.Rxb2 Ne8
44.a4 bxa4 45.bxa4 Nc7 46.Rc2 Rxc2+ 47.Nxc2 e6 48.Kf2 Kf8 49.Ke3 Ke7 50.Nb4 Kd7
51.g4 Ne8 52.gxh5 gxh5 53.Kf4 f6 54.Ke3 Kc7 55.a5 Kb7 56.Kd4 Nc7 57.Kc4 Ne8
58.f4 Ng7 59.Kd4 Kc7 60.Ke3 Kb7 61.Kd4 Kc7 62.Ke3 Kb7  1/2-1/2

[Event "V Open"]
[Site "Sauzal ESP"]
[Date "2004.11.07"]
[Round "9"]
[White "Barlov,D"]
[Black "Fernandez Manrique,A"]
[Result "0-1"]
[WhiteElo "2438"]
[BlackElo "2136"]

1.d4 Nf6 2.c4 g6 3.g3 Bg7 4.Bg2 d6 5.Nf3 O-O 6.O-O c6 7.Nc3 Qb6 8.h3 Qa6
9.b3 b5 10.Nd2 Bb7 11.e3 Nbd7 12.Re1 Rab8 13.Bf1 Ba8 14.Bb2 Qa5 15.a3 bxc4
16.Nxc4 Qh5 17.Qxh5 Nxh5 18.g4 Nhf6 19.b4 c5 20.dxc5 dxc5 21.b5 Nb6 22.a4 Rfd8
23.Rad1 Bf3 24.Rxd8+ Rxd8 25.Ne5 Ne4 26.Nxf3 Nxc3 27.a5 Nba4 28.Ba1 Rb8 29.Nd2 Nxb5
30.Bxg7 Kxg7 31.Rb1 a6 32.Ne4 f5 33.gxf5 gxf5 34.Ng3 e6 35.Rd1 Rb7 36.Rd8 Nb2
37.Nh5+ Kf7 38.Nf4 c4 39.Rc8 Rc7 40.Ra8  0-1

[Event "TCh-SWE Elitserien 2004-5"]
[Site "Skara SWE"]
[Date "2004.11.07"]
[Round "3"]
[White "Livner,A"]
[Black "Borvander,T"]
[Result "1/2-1/2"]
[WhiteElo "2250"]
[BlackElo "2176"]

1.d4 Nf6 2.c4 g6 3.g3 Bg7 4.Bg2 O-O 5.Nf3 d6 6.O-O Nc6 7.Nc3 a6 8.Bg5 h6
9.Bd2 e5 10.d5 Ne7 11.e4 Bd7 12.b4 Qc8 13.c5 Bh3 14.Rc1 Bxg2 15.Kxg2 Qd8
16.Ne1 Nd7 17.Nd3 f5 18.f3 Nf6 19.cxd6 cxd6 20.Nf2 Rf7 21.Qe2 Qd7 22.b5 fxe4
23.fxe4 axb5 24.Rb1 Raf8 25.Qxb5 Qxb5 26.Nxb5 Nc8 27.Be3 h5 28.h3 Kh7 29.g4 Nd7
30.Nd3 Rxf1 31.Rxf1 Rxf1 32.Kxf1 hxg4 33.hxg4 Bf6  1/2-1/2

[Event "3rd Cup Russia Wom Final"]
[Site "Voronezh RUS"]
[Date "2004.11.14"]
[Round "2"]
[White "Shaidullina,S"]
[Black "Kirillova,V"]
[Result "1-0"]
[WhiteElo "2308"]
[BlackElo "2262"]

1.d4 Nf6 2.c4 g6 3.Nf3 Bg7 4.g3 O-O 5.Bg2 d6 6.O-O c6 7.Nc3 Nbd7 8.h3 e5
9.e4 a5 10.Be3 a4 11.b4 axb3 12.axb3 Rxa1 13.Qxa1 exd4 14.Nxd4 Nc5 15.Qb1 Re8
16.b4 Ne6 17.Nde2 Nd7 18.Rd1 Qe7 19.f4 Nc7 20.Bd4 Bxd4+ 21.Nxd4 Nb6 22.Qd3 Na6
23.Nc2 Be6 24.Qxd6 Nxc4 25.Qxe7 Rxe7 26.Bf1 f6 27.Rd8+ Kf7 28.Nd4 Ne3 29.Bxa6 bxa6
30.Nxe6 Rxe6 31.Ra8 Nc2 32.Ra7+ Re7 33.Rxa6 Nxb4 34.Rb6 c5 35.Kf2 Rd7 36.Ke2 Rd3
37.Na4 Rxg3 38.Nxc5 Nc2 39.Rb7+ Kg8 40.Ne6 Rxh3 41.Rg7+ Kh8 42.Rf7 h5 43.Rxf6 Rh2+
44.Kd3 Ne1+ 45.Ke3 Nc2+ 46.Kf3 Ne1+ 47.Ke3 Nc2+ 48.Kd3 Ne1+ 49.Kc4 Rc2+ 50.Kd5 Rg2
51.Ng5 Kg7 52.Rf7+ Kg8 53.Rf6 Kg7 54.e5 Nd3 55.Ne6+ Kg8 56.Ke4 Rg3 57.Rf8+ Kh7
58.Ng5+ Kg7 59.Rf7+ Kg8 60.e6 Nc5+ 61.Kd5 Na6 62.Ne4  1-0

[Event "3rd Cup Russia Wom Final"]
[Site "Voronezh RUS"]
[Date "2004.11.16"]
[Round "4"]
[White "Shumiakina,T"]
[Black "Kirillova,V"]
[Result "1/2-1/2"]
[WhiteElo "2324"]
[BlackElo "2262"]

1.d4 Nf6 2.c4 g6 3.Nf3 Bg7 4.g3 O-O 5.Bg2 d6 6.O-O c6 7.Nc3 Nbd7 8.e4 e5
9.h3 exd4 10.Nxd4 Re8 11.Be3 a5 12.Qc2 a4 13.Rfe1 Qa5 14.Rab1 Nc5 15.b4 axb3
16.axb3 Qb4 17.Kh2 Nfd7 18.f4 Nf8 19.Bf2 Nfe6 20.Nxe6 Nxe6 21.Ne2 Ra3 22.Red1 Rf8
23.Qd2 Qxd2 24.Rxd2 Nc5 25.Rxd6 Rxb3 26.Rdd1 Rxb1 27.Rxb1 Nd3 28.Be3 Re8
29.Rb3 Ne1 30.Bh1  1/2-1/2

[Event "Petrosian Mem Open"]
[Site "Yerevan ARM"]
[Date "2004.11.19"]
[Round "1"]
[White "Pantsulaia,L"]
[Black "Aghabekian,L"]
[Result "0-1"]
[WhiteElo "2490"]
[BlackElo "2156"]

1.Nf3 g6 2.c4 Bg7 3.d4 Nf6 4.g3 O-O 5.Bg2 d6 6.O-O c6 7.Nc3 Qb6 8.h3 Nbd7
9.e4 Qa6 10.e5 Ne8 11.Qe2 Nc7 12.Bg5 Re8 13.Rfe1 b5 14.Bf1 b4 15.Ne4 dxe5
16.dxe5 Ne6 17.Bd2 Qb6 18.Neg5 Nxg5 19.Bxg5 Nf8 20.Qe4 Bb7 21.Qh4 c5 22.Bg2 Qc7
23.Bh6 Ne6 24.Rad1 Rad8 25.Rxd8 Rxd8 26.Ng5 Nxg5 27.Bxg5 Bxg2 28.Kxg2 Rd4
29.g4 Bxe5 30.b3 Rd3 31.Be3 e6 32.g5 Qc6+ 33.Kg1 Bd4 34.Bxd4 Rxd4 35.Qg3 Qd6
36.Qxd6 Rxd6 37.Re5 Rc6 38.Kf1 Kf8 39.Ke1 f6 40.gxf6 Kf7 41.f4 Kxf6 42.Kd1 Rc7
43.Ke2 Ke7 44.Kf3 Kd6 45.Re2 Rf7 46.Rd2+ Ke7 47.Kg4 Rf5 48.Re2 h5+ 49.Kg3 g5
50.fxg5 Rxg5+ 51.Kh4 Rf5 52.Rg2 e5 53.Rg7+ Kf6 54.Rxa7 e4 55.a4 e3 56.Ra6+ Ke5
57.Ra8 Kf4 58.Re8 Kf3 59.a5 Rf6 60.Kxh5 e2 61.h4 Kf2 62.Kg5 Rf3 63.a6 Rg3+
64.Kh6 Rxb3 65.a7 Ra3 66.Rf8+ Ke3 67.Re8+ Kd2 68.Rd8+ Kc3  0-1

[Event "Acropolis IM Open"]
[Site "Athens GRE"]
[Date "2004.11.20"]
[Round "5"]
[White "Soultatis,K"]
[Black "Soukos,K"]
[Result "0-1"]
[WhiteElo "2135"]
[BlackElo "2104"]

1.d4 Nf6 2.c4 g6 3.g3 Bg7 4.Bg2 O-O 5.Nf3 d6 6.O-O Nbd7 7.Nc3 a6 8.b3 c5
9.Bb2 Rb8 10.e4 b5 11.cxb5 axb5 12.e5 Ne8 13.Ne4 Bb7 14.Nfg5 dxe5 15.dxc5 h6
16.Rc1 Bc6 17.Nh3 Qc7 18.b4 Qb7 19.f3 f5 20.Nd2 Nef6 21.Nb3 Ra8 22.Na5 Rxa5
23.bxa5 Nd5 24.Qb3 Kh7 25.Nf2 Qa7 26.Rfe1 Qxa5 27.Nd3 Qc7 28.Re2 f4 29.Rce1 Ne3
30.gxf4 Nxg2 31.Kxg2 Qb7 32.Re3 Bd5 33.Qc3 Rf7 34.c6 Bxc6 35.Nb4 Bxf3+ 36.Rxf3 e4
37.Qb3 exf3+ 38.Kf1 f2 39.Rd1 Rxf4 40.Nd5 Rf5 41.Bxg7 Kxg7 42.Ke2 Nf6 43.Nxf6 Rxf6
44.Qe3 b4 45.Qd3 Qg2  0-1

[Event "TCh-AUT"]
[Site "Graz AUT"]
[Date "2004.11.20"]
[Round "2"]
[White "Beim,V"]
[Black "Lanka,Z"]
[Result "1/2-1/2"]
[WhiteElo "2512"]
[BlackElo "2455"]

1.Nf3 Nf6 2.d4 g6 3.c4 Bg7 4.g3 O-O 5.Bg2 d6 6.O-O Nc6 7.Nc3 a6 8.h3 Bd7
9.e4 e5 10.dxe5 dxe5 11.Re1 Be6 12.Nd5 Nd7 13.Be3 Na5 14.Rc1 c5 15.Qd2 Nc6
16.b4 b6 17.bxc5  1/2-1/2

[Event "It"]
[Site "Piestany SVK"]
[Date "2004.11.20"]
[Round "4"]
[White "Volodin,V"]
[Black "Pel,B"]
[Result "1/2-1/2"]
[WhiteElo "2212"]
[BlackElo "2312"]

1.Nf3 g6 2.c4 Bg7 3.d4 d6 4.g3 Nf6 5.Bg2 O-O 6.O-O Nc6 7.Nc3 Bg4 8.h3 Bxf3
9.Bxf3 Nd7 10.e3 e5 11.d5 Ne7 12.Bg2 f5 13.f4 e4 14.Rf2 Nc5 15.Bf1 Qd7 16.Qc2 a5
17.b3 h6 18.Bb2 Kh7 19.Nb5 Rf7 20.Kh2 c6 21.dxc6 bxc6 22.Bxg7 Rxg7 23.Nc3 Rf8
24.a3 Qb7 25.Rb1 Ne6 26.b4 axb4 27.axb4 d5 28.cxd5 cxd5 29.Nb5 g5 30.Qc3 d4
31.Nxd4 Nd5 32.Qc6 Qxc6 33.Nxc6 Nxe3 34.b5 gxf4 35.gxf4 Nd5 36.b6 Rb7 37.Rfb2 Ra8
38.Bc4 Nexf4 39.Rb5 Ra3 40.R1b3 Rxb3 41.Bxb3 Rxb6 42.Rxb6 Nxb6 43.Ne7 e3
44.Kg3 Nd3 45.Kf3 e2 46.Bg8+ Kh8 47.Kxe2 Nf4+ 48.Kf1 h5 49.Bb3 Nxh3 50.Nxf5 Nf4
51.Kf2 Kh7 52.Bf7 Nbd5 53.Bxd5 Nxd5 54.Ng3 h4 55.Nf5 h3 56.Kg3 Nf4 57.Nd4 Kg6
58.Ne6  1/2-1/2

[Event "10th It"]
[Site "Tuzla BIH"]
[Date "2004.11.20"]
[Round "2"]
[White "Sprecic,M"]
[Black "Nurkic,S"]
[Result "0-1"]
[WhiteElo "2375"]
[BlackElo "2385"]

1.d4 Nf6 2.Nf3 g6 3.g3 Bg7 4.Bg2 O-O 5.c4 d6 6.O-O Nc6 7.Nc3 e5 8.dxe5 dxe5
9.Bg5 Be6 10.Qc1 Qc8 11.Rd1 Nd7 12.b3 f6 13.Bh6 Rf7 14.Bxg7 Kxg7 15.Qb2 Qf8
16.Rd2 a5 17.Rad1 Nb6 18.Ne1 a4 19.Nd3 axb3 20.axb3 Nb4 21.Bxb7 Rb8 22.Nxb4 Rxb7
23.Nca2 c5 24.Rd6 Qe8 25.Rd8 Qe7 26.Nc6 Qc7 27.Na5 Nxc4 28.Nxc4 Bxc4 29.Nc1 Bxb3
30.Nxb3 c4 31.Qa3 cxb3 32.R1d7 Qxd7 33.Rxd7 Rfxd7  0-1

[Event "Petrosian Mem Open"]
[Site "Yerevan ARM"]
[Date "2004.11.21"]
[Round "3"]
[White "Vardanian,Hak"]
[Black "Chibukhchian,A"]
[Result "1/2-1/2"]
[WhiteElo "2304"]
[BlackElo "2402"]

1.d4 Nf6 2.c4 g6 3.Nf3 Bg7 4.g3 O-O 5.Bg2 d6 6.O-O c6 7.Nc3 Nbd7 8.e4 e5
9.h3 a5 10.Be3 exd4 11.Nxd4 Re8 12.Qc2 Nc5 13.Nb3 Nfd7 14.Rad1 Qe7 15.Rfe1 Ne5
16.Nxc5 dxc5 17.Na4 Bxh3 18.Bxh3 Nf3+ 19.Kg2 Nxe1+ 20.Rxe1 Qxe4+ 21.Qxe4 Rxe4
22.Rd1 Bd4 23.Nxc5 Bxc5 24.Bxc5 Rxc4 25.Be7 Kg7 26.Rd7 b5 27.Bd6 Re8 28.Bc7 Re2
29.Kf1 Rcc2 30.Bb6 Kf8 31.Bc5+ Ke8 32.Rc7 Red2 33.Re7+ Kd8 34.Re5 f5 35.g4 Rd5
36.Bb6+ Kd7 37.Rxd5+ cxd5 38.gxf5 Ke7 39.fxg6 hxg6 40.Bxa5 Rxb2 41.a3 Rb1+
42.Ke2 Rb2+ 43.Kf1 Rb1+ 44.Kg2 d4 45.Bb4+ Kf6 46.Bd7 d3 47.Kf3 d2 48.Bxd2 Rb3+
49.Ke2 Rxa3 50.Bxb5 Kg7 51.Be3 Kh7 52.Kf3 Rb3 53.Bc6 Rc3 54.Be4 Rc4 55.Kf4 Ra4
56.Ke5 Ra6 57.Bd5 Kg7 58.Bd4 Kh7 59.Bc4 Ra5+ 60.Bd5 Ra6 61.Bc5 Ra5 62.Bf8 Rb5
63.Ke6 Rb2 64.f3 Rb5 65.Be7 Ra5 66.Be4 Kg7 67.Bf6+ Kh7 68.Bd8 Ra6+ 69.Kf7 Ra7+
70.Be7 Ra6 71.Bg5 Ra7+ 72.Kf8 Ra6 73.Be3 Rf6+ 74.Ke7 Ra6 75.Kf7 Rd6 76.f4 Rd7+
77.Ke6 Rd8 78.Bc5 Rc8 79.Kd5 Re8 80.Bd6 Kh6 81.Be5 Re7 82.Kd6 Ra7 83.Bf6 Ra5
84.Ke6 Ra4 85.Bg5+ Kg7 86.Bd5 Ra5 87.Bf6+ Kh6 88.Be7 Kg7 89.Ke5 Ra6 90.Bd8 Kh6
91.Bf6 Ra5 92.Ke6 Ra4 93.Be5 Ra5 94.Bc4 Ra4 95.Bd3 Ra3 96.Bb5 Ra5 97.Bd7 Ra7
98.Ke7 Rb7 99.Ke8 Ra7 100.Be6 Kh7 101.Bd7 Ra5 102.Bd6 Kg7 103.Bf8+ Kf6 104.Be7+ Kg7
105.Bg5 Ra7 106.Ke7 Ra6 107.Be6 Ra7+ 108.Kd6 Ra6+ 109.Ke5 Ra5+ 110.Ke4 Ra4+
111.Kf3 Ra6 112.Bd5 Ra3+ 113.Kg4 Ra5 114.Bf3 Kh7 115.Be7 Ra7 116.Bf8 Rf7
117.Bd6 Rd7 118.Be5 Kh6 119.Be4 Re7 120.Bd5 Rd7 121.Bc6 Rd3 122.Bb5 Rd5 123.Bc4 Rc5
124.Bf7 Ra5  1/2-1/2

[Event "ch-CRO"]
[Site "Zagreb CRO"]
[Date "2004.11.21"]
[Round "6"]
[White "Kuljasevic,D"]
[Black "Cebalo,M"]
[Result "1/2-1/2"]
[WhiteElo "2410"]
[BlackElo "2520"]

1.d4 Nf6 2.Nf3 g6 3.g3 Bg7 4.c4 O-O 5.Bg2 d6 6.Nc3 Nbd7 7.O-O e5 8.e4 exd4
9.Nxd4 Re8 10.h3 a6 11.Re1 Rb8 12.Rb1 Ne5 13.b3 c5 14.Nc2 Be6 15.Bb2 h5 16.f4 Nc6
17.Nd5 Rc8 18.Qd2 b5 19.Bc3 b4 20.Ba1 Bxd5 21.cxd5 Na7 22.e5 Nh7 23.a4 bxa3
24.Nxa3 Nb5 25.Nc4 Qc7 26.Re2 Rcd8 27.Rbe1 Qa7 28.Kh2 h4 29.gxh4 dxe5 30.fxe5 Nd4
31.Bxd4 cxd4 32.h5 Nf8 33.Re4 Rxd5 34.h6 Bh8 35.h7+ Nxh7 36.Rh4 Rdxe5 37.Nxe5 Bxe5+
38.Kh1 Nf8 39.Rxd4 Bxd4 40.Rxe8 Kg7 41.Bd5 Qc5 42.Re4 Bf6 43.Ra4 Nh7 44.Rxa6 Qc8
45.Qd3 Ng5 46.Rxf6 Kxf6 47.Qd4+ Ke7 48.Qe5+ Ne6 49.Bxe6 Qc1+  1/2-1/2

[Event "Petrosian Mem Open"]
[Site "Yerevan ARM"]
[Date "2004.11.22"]
[Round "4"]
[White "Bagaturov,G"]
[Black "Danielian,V"]
[Result "0-1"]
[WhiteElo "2451"]
[BlackElo "2244"]

1.d4 Nf6 2.c4 g6 3.Nf3 Bg7 4.g3 O-O 5.Bg2 d6 6.O-O Nbd7 7.Nc3 e5 8.e4 c6
9.b3 exd4 10.Nxd4 Re8 11.h3 a5 12.Re1 h6 13.Rb1 Nc5 14.Bf4 a4 15.Qc2 axb3
16.axb3 Nfd7 17.Be3 Qe7 18.Rbd1 h5 19.f4 Ra3 20.b4 Ne6 21.Nde2 Nf6 22.Qb2 Ra8
23.Qd2 Rd8 24.f5 Nf8 25.c5 d5 26.exd5 Bxf5 27.d6 Qd7 28.Kh2 Re8 29.Nd4 Ne4
30.Bxe4 Bxe4 31.Bh6 Bxh6 32.Qxh6 Bf5 33.Nxf5 Qxf5 34.Qd2 Rxe1 35.Rxe1 Ra3
36.Kg2 h4 37.Qb2 Ra8 38.Ne4 Nd7 39.g4 Qd5 40.Re2 Re8 41.Qc2 Nf6 42.Kf3 Nxe4
43.Rxe4 f5 44.gxf5 gxf5  0-1

[Event "Petrosian Mem Open"]
[Site "Yerevan ARM"]
[Date "2004.11.22"]
[Round "4"]
[White "Makarov,M"]
[Black "Lomineishvili,M"]
[Result "1/2-1/2"]
[WhiteElo "2525"]
[BlackElo "2429"]

1.d4 Nf6 2.c4 g6 3.Nf3 Bg7 4.g3 O-O 5.Bg2 d6 6.O-O Nbd7 7.Nc3 e5 8.h3 c6
9.e4 Qa5 10.Re1 exd4 11.Nxd4 Ne5 12.Bf1 Be6 13.Nxe6 fxe6 14.Kg2 Nf7 15.Be3 e5
16.Qd2 Rad8 17.b4 Qc7 18.b5 Nd7 19.bxc6 bxc6 20.Na4 Nc5 21.Nxc5 dxc5 22.Qc3 Bh6
23.Bxh6 Nxh6 24.Qe3 Nf7 25.Qxc5 Ng5 26.Qe3  1/2-1/2

[Event "It"]
[Site "Piestany SVK"]
[Date "2004.11.25"]
[Round "10"]
[White "Volodin,V"]
[Black "Pinter,E"]
[Result "1/2-1/2"]
[WhiteElo "2212"]
[BlackElo "2375"]

1.Nf3 g6 2.c4 Bg7 3.d4 Nf6 4.g3 O-O 5.Bg2 d6 6.O-O c5 7.Nc3 Nc6 8.dxc5 dxc5
9.Bf4 Be6 10.Ne5 Nxe5 11.Bxe5 Bxc4 12.Bxb7 Qxd1 13.Rfxd1 Rad8 14.b3  1/2-1/2

[Event "Petrosian Mem Open"]
[Site "Yerevan ARM"]
[Date "2004.11.26"]
[Round "8"]
[White "Morchiashvili,B"]
[Black "Hovhannisyan,Y"]
[Result "1-0"]
[WhiteElo "2350"]
[BlackElo "2168"]

1.d4 g6 2.Nf3 Bg7 3.g3 d6 4.Bg2 Nf6 5.c4 O-O 6.O-O Nc6 7.Nc3 Rb8 8.d5 Na5
9.Nd2 c5 10.a3 Ng4 11.Qc2 Ne5 12.b3 a6 13.Bb2 b5 14.cxb5 axb5 15.Nd1 Qb6
16.Kh1 Ba6 17.f4 Ng4 18.Bxg7 Kxg7 19.Bf3 Nf6 20.g4 Bc8 21.Rg1 Kg8 22.Qb2 Bd7
23.g5 Ne8 24.Rg2 Ng7 25.e4 e6 26.Ne3 c4 27.Ng4 f5 28.Nf6+ Rxf6 29.gxf6 Ne8
30.dxe6 Bxe6 31.exf5 Bxf5 32.Re1 Nc7 33.Rge2 Nc6 34.bxc4 Nd4 35.Re7 Nde6
36.f7+ Kf8 37.Qf6 bxc4 38.Rd7  1-0

[Event "Petrosian Mem Open"]
[Site "Yerevan ARM"]
[Date "2004.11.26"]
[Round "8"]
[White "Izoria,Z"]
[Black "Nalbandian,T"]
[Result "1/2-1/2"]
[WhiteElo "2600"]
[BlackElo "2504"]

1.d4 Nf6 2.c4 g6 3.Nf3 Bg7 4.g3 O-O 5.Bg2 d6 6.Nc3 Nbd7 7.O-O e5 8.e4 Re8
9.h3 exd4 10.Nxd4 Nc5 11.Re1 a6 12.Rb1 h6 13.Kh2 Bd7 14.f4 Re7 15.b4 Ne6
16.Be3 a5 17.a3 axb4 18.axb4 Qe8 19.e5 dxe5 20.fxe5 Nh5 21.Nf3 Ng5 22.Bxg5 hxg5
23.Nd5 Rxe5 24.Nxe5 Bxe5 25.Re3 Ra2 26.Qe1 Qe6 27.Kh1 Rxg2 28.Kxg2 Qxh3+
29.Kg1 Bd4 30.Rd1  1/2-1/2

[Event "Petrosian Mem Open"]
[Site "Yerevan ARM"]
[Date "2004.11.27"]
[Round "9"]
[White "Khurtsidze,N"]
[Black "Areshchenko,A"]
[Result "0-1"]
[WhiteElo "2399"]
[BlackElo "2580"]

1.d4 Nf6 2.c4 g6 3.Nf3 Bg7 4.g3 O-O 5.Bg2 d6 6.O-O c6 7.Nc3 Qa5 8.Nd2 Nbd7
9.Rb1 Qb6 10.e3 e5 11.d5 cxd5 12.cxd5 a6 13.b4 Qd8 14.Nc4 Ne8 15.Qb3 f5 16.Bb2 h5
17.f4 e4 18.h4 b6 19.Ne2 Bb7 20.Rfd1 Bxb2 21.Rxb2 Rc8 22.a4 Kf7 23.Bf1 Qe7
24.Rbd2 Nef6 25.Kg2 Rc7 26.Ng1 Rfc8 27.Nh3 Ng4 28.Ng5+ Kg8 29.Kh3 b5 30.axb5 axb5
31.Na5 Rc3 32.Qb2 Ba6 33.Nc6 Qf6 34.Qa1 Ra8 35.Bxb5 Nxe3 36.Bxa6 Nxd1 37.Rxd1 Rc2
38.Nd4 Rf2 39.b5 Qe7 40.Nc6 Qg7 41.Qxg7+ Kxg7 42.g4 hxg4+ 43.Kg3 Rb2 44.Nd4 Nf6
45.Nge6+ Kh6  0-1

[Event "Lushki B"]
[Site "Serpukhov RUS"]
[Date "2004.11.28"]
[Round "13"]
[White "Kulago,A"]
[Black "Kostiuk,T"]
[Result "0-1"]
[WhiteElo "2095"]
[BlackElo "2316"]

1.Nf3 Nf6 2.c4 g6 3.g3 Bg7 4.Bg2 d6 5.d4 O-O 6.Nc3 Nc6 7.O-O e5 8.dxe5 dxe5
9.Bg5 Qxd1 10.Raxd1 h6 11.Bxf6 Bxf6 12.Nd5 Bd8 13.Rd2 a5 14.b3 Be6 15.e4 Kg7
16.Ne1 f6 17.f4 Nd4 18.fxe5 fxe5 19.Rxf8 Kxf8 20.Nd3 c6 21.Nc3 Bc7 22.Nc5 Bc8
23.Nd3 b6 24.Kf2 Kg7 25.Ke1 Bg4 26.Rf2 Rd8 27.h3 Be6 28.Kd2 Rd7 29.Ke3 Bd8
30.Nxe5 Bg5+ 31.Kd3 Rd8 32.Nd5 cxd5 33.Kxd4 dxc4+ 34.Kc3 cxb3 35.Nc6 bxa2
36.Rxa2 Rc8  0-1

[Event "17th Belgrade Trophy"]
[Site "Obrenovac SCG"]
[Date "2004.11.30"]
[Round "9"]
[White "Abramovic,B"]
[Black "Rmus,A"]
[Result "1/2-1/2"]
[WhiteElo "2471"]
[BlackElo "2359"]

1.d4 Nf6 2.c4 g6 3.Nf3 Bg7 4.g3 d6 5.Bg2 O-O 6.O-O Nc6 7.Nc3 a6 8.h3 Rb8
9.a4 Bd7 10.e4 e5 11.dxe5  1/2-1/2

[Event "XII It"]
[Site "Solin-Split CRO"]
[Date "2004.12.03"]
[Round "1"]
[White "Dizdarevic,E"]
[Black "Ljubicic,F"]
[Result "1/2-1/2"]
[WhiteElo "2538"]
[BlackElo "2395"]

1.Nf3 d6 2.d4 Nf6 3.g3 g6 4.Bg2 Bg7 5.c4 O-O 6.Nc3 Nbd7 7.O-O c6 8.Qc2 e5
9.b3 exd4 10.Nxd4 Nc5 11.Bb2 Qe7 12.Rad1 a5 13.Bc1 Ne6 14.Nxe6 Bxe6 15.Ba3 Rfd8
16.Rd2 a4 17.Nxa4 Bf5 18.Qd1 Ne4 19.Bxe4 Qxe4 20.Bxd6 Bh3 21.f3 Qe3+ 22.Rf2 b5
23.cxb5 cxb5 24.Rd3 Rxd6 25.Rxd6 Rc8 26.Rd8+ Rxd8 27.Qxd8+ Bf8 28.Nb2 Qc3
29.Qd1 Qxb2 30.e3 Qc3 31.Re2 h5 32.Kf2  1/2-1/2

[Event "Asian Women"]
[Site "Beirut LIB"]
[Date "2004.12.04"]
[Round "1"]
[White "Meenakshi,S"]
[Black "Mouradian,K"]
[Result "1-0"]
[WhiteElo "2307"]
[BlackElo "2119"]

1.d4 Nf6 2.c4 g6 3.Nf3 Bg7 4.g3 d6 5.Bg2 O-O 6.Nc3 Nc6 7.O-O Bf5 8.Re1 Na5
9.e4 Bd7 10.Qe2 c5 11.dxc5 dxc5 12.e5 Ne8 13.Be3 Be6 14.b3 Qc8 15.Rad1 b6
16.Bg5 f6 17.Bd2 Bh3 18.Bxh3 Qxh3 19.Qe4 Nc7 20.Nd5 Nxd5 21.cxd5 fxe5 22.Bxa5 bxa5
23.Nxe5 Bxe5 24.Qxe5 Rf7 25.Rc1 Raf8 26.f4 Qg4 27.Rf1 a4 28.Rxc5 axb3 29.axb3 g5
30.Qe6 Qxe6 31.dxe6 Rf5 32.Rxf5 Rxf5 33.fxg5 Re5 34.Ra1 Rxe6 35.Rxa7 Kf7
36.Kf2 Rb6 37.Ra3 Kg6 38.h4 Rc6 39.b4 Rc2+ 40.Kf3 Rb2 41.Ra6+ Kf5 42.g4+ Ke5
43.Ra5+ Kd4 44.h5 e5 45.Ra7 e4+ 46.Kg3 Rb3+ 47.Kh4 e3 48.Rd7+ Ke4 49.g6 hxg6
50.hxg6 Rxb4 51.g7 Rb8 52.Kg5 e2 53.Re7+ Kf3 54.Kg6 Rb4 55.g5  1-0